000 00432nam a2200157 i 4500
001 149229
003 ES-MaACL
005 20230906203016.0
007 t|
008 071019s1908 sp ||||1| spa d
100 1 _aVegas, Miguel.
_9113643
245 1 0 _aElementos de geometrĂ­a analĂ­tica /
_cMiguel Vegas.
260 _aBarcelona :
_bHerederos de Juan Gili,
_c1908.
300 _a240 p. ;
_c19 cm.
852 _aES-MaACL
_jF-13395
999 _c149229
_d149229